| 000 | 00471nam a22001577a 4500 | ||
|---|---|---|---|
| 005 | 20251108164717.0 | ||
| 008 | 250721s1995 xx 000 0 ara d | ||
| 082 | 1 | 4 | _a818/عتو |
| 100 | 1 |
_aالعتوم، علي حسين _eمؤلف |
|
| 245 | 1 | 0 | _aالنصوص الأدبية المختارة / |
| 264 | 1 |
_aالكويت : _bمكتبة الفلاح للنشر، _c1995. |
|
| 300 | _a395 ص. | ||
| 650 | 1 | 7 | _aالأدب العربي |
| 942 |
_2ddc _cBK |
||
| 999 |
_c12444 _d12444 |
||